Statistics for What Did That Plate Say? - #1

Click here to take the quiz!

General Stats

  • This quiz has been taken 32,193 times
    (32,169 since last reset)
  • The average score is 14 of 26

Answer Stats

Plate Meaning % Correct
NVERLA8Never late
98%
RU CMNGAre you coming?
81%
HIOFCERHi officer!
79%
L8R OFCRLater, officer
77%
BYOFFCRBye officer!
75%
Y SO SRSWhy so serious?
75%
IH8MYXI hate my ex
72%
LRD V8RLord Vader
72%
NO1LKSUNo one likes you
71%
L8ASUSLLate as usual
66%
XCOOOSMEExcuuuse me!
66%
VNTYPL8Vanity plate
62%
NOSUP4UNo soup for you!
58%
BRN2BWDBorn to be wild
54%
YADDA-3XYada, yada, yada
53%
MZBEHVNMisbehaving
48%
GLBL WMRGlobal warmer
48%
IPMS247I p.m.s. 24/7
42%
IN2PL8ZInto plates
41%
LIV2BWLLive to bowl
36%
HVNSNTHeaven sent
33%
SRV1VDSurvived!
26%
SUPL8EZWhat's up ladies?
21%
I1221MEI want you to want me
15%
MYD4SBWUMay the force be with you
13%
DZNEMGKDisney magic
7%

Score Distribution

Percentile by Number Answered

Percent of People with Each Score

Your Score History

You have not taken this quiz since the last reset